| 000 | 01621cam a2200397 a 4500 | ||
|---|---|---|---|
| 001 | 13493 | ||
| 005 | 20260303123156.0 | ||
| 008 | 910128s1991 cou 001 0 eng | ||
| 010 | _a 91007544 | ||
| 020 |
_a0837792614 : _c$95.00 |
||
| 020 | _a9780810347441 | ||
| 020 | _a081034744X | ||
| 035 | _a1541404 | ||
| 040 |
_aDLC _cDLC _dDLC _dBSULIB |
||
| 050 | 0 | 0 |
_aZ696.U5Z _b1991 |
| 082 | 0 | 0 |
_a025.4/602 _220 _bCLA |
| 245 | 0 | 0 |
_aLibrary of Congress classification. Class Z. Bibliography and library science : _bClassification Schedules Combined with Additions and Changes through 1988/ _cEdited by Runchock Rita. |
| 250 | _a5th ed. | ||
| 260 |
_aMichigan.USA : _bGale Research Inc, _c1989. |
||
| 300 |
_avi, 496 p. ; _c25 cm. |
||
| 490 | 1 |
_aAALL publ. series ; _vno. 40 |
|
| 500 | _a"Sponsored by the American Association of Law Libraries." | ||
| 500 | _aAccompanied by: Supplement LC 241, Supplement LC 246, and Supplement LC 247. | ||
| 500 | _aIncludes index. | ||
| 650 | 0 |
_aClassification _xBooks _xBibliography. _926321 |
|
| 650 | 0 |
_aClassification _xBooks _xLibrary science. _926322 |
|
| 650 | 0 |
_aClassification, Library of Congress. _926323 |
|
| 700 | 1 | _a. | |
| 710 | 2 |
_aAmerican Association of Law Libraries. _926324 |
|
| 710 | 2 |
_aLibrary of Congress. _94811 |
|
| 830 | 0 |
_aAALL publications series ; _vno. 40. _926325 |
|
| 906 |
_a7 _bcbc _corignew _d1 _eocip _f19 _gy-gencatlg |
||
| 942 |
_2ddc _cBK |
||
| 999 |
_c13493 _d13493 |
||